| 000 | 00788cam a2200217 i 4500 | ||
|---|---|---|---|
| 999 |
_c57850 _d57850 |
||
| 001 | 18316821 | ||
| 005 | 20221110162514.0 | ||
| 008 | 140925s2015 enka b 001 0 eng | ||
| 020 | _a9780415715508x | ||
| 080 | _a327 E-91 | ||
| 245 | 0 | 0 |
_aEuropean Union : _bpower and policy-making / _cedited by Jeremy Richardson and Sonia Mazey. |
| 250 | _aFourth edition. | ||
| 264 | 1 |
_aLondon ; _aNew York, NY : _bRoutledge, Taylor & Francis Group, _c2015. |
|
| 300 |
_a503 pages : _billustrations ; _c26 cm. |
||
| 653 | _aEuropean Union | ||
| 653 | _aევროპის კავშირი | ||
| 653 | _aЕвропейский Союз | ||
| 700 | 1 |
_aRichardson, J. J. _qრედაქტორი _910505 |
|
| 700 | 1 |
_aMazey, Sonia. _910506 _eრედაქტორი |
|
| 942 |
_2udc _cBK |
||